Statistics for Guess the Lyrics to Jojo Siwa's "Karma"

Click here to take the quiz!

General Stats

  • This quiz has been taken 53 times
  • The average score is 255 of 371

Answer Stats

Answer% Correct
I
100%
a
97%
be
97%
bad
94%
bitch
94%
girl
94%
(Karma!)
94%
Karma's
94%
known
94%
should've
94%
things
94%
was
94%
Better
90%
better
90%
did
90%
me
90%
so
90%
some
90%
effed
87%
had
87%
If
87%
wish
87%
no
84%
would
84%
would've
84%
You
84%
you
84%
you'll
84%
And
81%
and
81%
around
81%
for
81%
never
81%
it
77%
It
77%
not
77%
The
77%
the
77%
all
74%
of
74%
When
74%
when
74%
fun
71%
her
71%
Like
71%
like
71%
She
71%
she's
71%
felt
68%
knife
68%
or
68%
saw
68%
swear
68%
twist
68%
with
68%
cheat
65%
meant
65%
nothing
65%
now
65%
pics
65%
right
65%
in
61%
Thou
61%
happened
58%
Just
58%
just
58%
lie
58%
secret
58%
shall
58%
tree
58%
up
58%
falls
55%
forest
55%
is
55%
one
55%
would've
55%
do
52%
end
52%
good
52%
hears
52%
caught
48%
knew
48%
night
48%
to
48%
Another
45%
But
45%
crazy
45%
didn't
45%
get
45%
known
45%
late
45%
think
45%
wild
45%
always
42%
before
42%
child
42%
matter
42%
mood
42%
time
42%
what
42%
blew
39%
twice
39%
'cause
35%
Karma's
35%
that
35%
down
32%
effed
32%
minutes
32%
your
32%
boring
29%
hooked
29%
it's
29%
kills
29%
later
29%
snoring
29%
still
29%
Twenty
29%
body
26%
comes
26%
deserve
26%
goes
26%
I'll
26%
sleep
26%
write
26%
Believe
23%
giving
23%
lay
23%
lonely
23%
My
23%
my
23%
next
23%
This
23%
universe
23%
free
19%
regrets
19%
room
19%
times
19%
empty
16%
feels
16%
has
16%
hope
16%
let
16%
sets
16%
thousand
16%
at
13%
cold
13%
look
13%
sympathy
13%
symphony
13%
back
10%
become
10%
blue
10%
eyes
10%
forget
10%
guilts
10%
mirror
10%
won't
10%

Score Distribution

Percentile by Number Answered

Percent of People with Each Score

Your Score History

You have not taken this quiz